| 000 | 00419nam a2200145Ia 4500 | ||
|---|---|---|---|
| 008 | 150201s2003 xx 000 0 und d | ||
| 082 |
_a617.6 _bM2003B |
||
| 100 | _aM.S.BHATIA | ||
| 245 | _aC.B.S. QUICK MEDFICAL EXAMINATIONS REVIEW : SURGICAL SCIENCES | ||
| 250 | _a11TH | ||
| 260 |
_bC.B.S PUBLISHERS & DISTRIBUTERS _aDARYAGANJ (NEW DELHI) _c2003 |
||
| 300 | _a1-670 | ||
| 650 | _aGENERAL DENTISTRY | ||
| 942 |
_2ddc _cBK |
||
| 999 |
_c2769 _d2769 |
||